Comuni della Lombardia - Quiz n°5 - Statistics

Statistiche generali
  • Questo quiz è stato fatto 24 volte
  • Il punteggio medio è 68 su 324
Statistiche sulle risposte
Provincia Comune % Corretto
Rho
83%
Milano
72%
Monza
67%
Busto Arsizio
61%
Gallarate
61%
Sesto San Giovanni
61%
Milano Abbiategrasso
56%
Cinisello Balsamo
56%
Legnano
56%
Melegnano
56%
Varese
56%
Arcore
50%
Assago
50%
Desio
50%
Lissone
50%
Rozzano
50%
Segrate
50%
Varese Agra
44%
Albairate
44%
Bollate
44%
Cassano d'Adda
44%
Cernusco sul Naviglio
44%
Nova Milanese
44%
Paullo
44%
Saronno
44%
Seveso
44%
Vimercate
44%
Arese
39%
Baranzate
39%
Biassono
39%
Carugate
39%
Giussano
39%
Gorgonzola
39%
Lainate
39%
Muggiò
39%
Novate Milanese
39%
Opera
39%
Paderno Dugnano
39%
Peschiera Borromeo
39%
San Giuliano Milanese
39%
Seregno
39%
Tradate
39%
Trezzano sul Naviglio
39%
Trezzo sull'Adda
39%
Monza e Brianza Agrate Brianza
33%
Bernareggio
33%
Binasco
33%
Bussero
33%
Carate Brianza
33%
Carnate
33%
Cesano Boscone
33%
Cesano Maderno
33%
Corbetta
33%
Cornate d'Adda
33%
Corsico
33%
Cusago
33%
Gessate
33%
Lentate sul Seveso
33%
Lesmo
33%
Limbiate
33%
Melzo
33%
Parabiago
33%
Pioltello
33%
Settala
33%
Settimo Milanese
33%
Usmate Velate
33%
Vedano al Lambro
33%
Vimodrone
33%
Arcisate
28%
Arluno
28%
Azzate
28%
Besana in Brianza
28%
Brugherio
28%
Buccinasco
28%
Busnago
28%
Busto Garolfo
28%
Cassina de' Pecchi
28%
Cerro al Lambro
28%
Cerro Maggiore
28%
Concorezzo
28%
Cusano Milanino
28%
Gaggiano
28%
Garbagnate Milanese
28%
Inzago
28%
Liscate
28%
Luino
28%
Meda
28%
Mesero
28%
Nerviano
28%
Pantigliate
28%
Pero
28%
Rescaldina
28%
Robecchetto con Induno
28%
Robecco sul Naviglio
28%
San Colombano al Lambro
28%
San Giorgio su Legnano
28%
Sesto Calende
28%
Somma Lombardo
28%
Triuggio
28%
Vaprio d'Adda
28%
Vignate
28%
Villasanta
28%
Vittuone
28%
Zibido San Giacomo
28%
Aicurzio
22%
Albiate
22%
Albizzate
22%
Angera
22%
Arconate
22%
Barlassina
22%
Basiglio
22%
Bellinzago Lombardo
22%
Briosco
22%
Cambiago
22%
Canegrate
22%
Caponago
22%
Caronno Pertusella
22%
Casarile
22%
Casorate Sempione
22%
Casorezzo
22%
Cassano Magnago
22%
Cassinetta di Lugagnano
22%
Castano Primo
22%
Castellanza
22%
Cislago
22%
Cisliano
22%
Cormano
22%
Cornaredo
22%
Cuggiono
22%
Ferno
22%
Gerenzano
22%
Grezzago
22%
Inveruno
22%
Ispra
22%
Lacchiarella
22%
Locate di Triulzi
22%
Macherio
22%
Magnago
22%
Mediglia
22%
Motta Visconti
22%
Noviglio
22%
Olgiate Olona
22%
Ornago
22%
Ozzero
22%
Pozzo d'Adda
22%
Pozzuolo Martesana
22%
Renate
22%
Ronco Briantino
22%
Solbiate Olona
22%
Sovico
22%
Trezzano Rosa
22%
Tribiano
22%
Truccazzano
22%
Uboldo
22%
Veduggio con Colzano
22%
Verano Brianza
22%
Vergiate
22%
Vermezzo con Zelo
22%
Bareggio
17%
Basiano
17%
Bellusco
17%
Bernate Ticino
17%
Besnate
17%
Biandronno
17%
Boffalora sopra Ticino
17%
Bovisio Masciago
17%
Brebbia
17%
Bresso
17%
Bubbiano
17%
Burago di Molgora
17%
Buscate
17%
Varese Cantello
17%
Caronno Varesino
17%
Castiglione Olona
17%
Cavaria con Premezzo
17%
Cavenago di Brianza
17%
Ceriano Laghetto
17%
Cesate
17%
Dairago
17%
Dresano
17%
Fagnano Olona
17%
Gorla Maggiore
17%
Gorla Minore
17%
Induno Olona
17%
Lavena Ponte Tresa
17%
Malnate
17%
Marcallo con Casone
17%
Masate
17%
Mezzago
17%
Misinto
17%
Nosate
17%
Origgio
17%
Ossona
17%
Pieve Emanuele
17%
Pogliano Milanese
17%
Pregnana Milanese
17%
Rodano
17%
Rosate
17%
Samarate
17%
Milano Santo Stefano Ticino
17%
San Vittore Olona
17%
San Zenone al Lambro
17%
Sedriano
17%
Senago
17%
Solaro
17%
Solbiate Arno
17%
Sulbiate
17%
Sumirago
17%
Taino
17%
Travedona Monate
17%
Turbigo
17%
Vanzaghello
17%
Vanzago
17%
Varedo
17%
Viggiù
17%
Villa Cortese
17%
Besate
11%
Bisuschio
11%
Bodio Lomnago
11%
Brezzo di Bedero
11%
Brusimpiano
11%
Buguggiate
11%
Cadegliano Viconago
11%
Camparada
11%
Carnago
11%
Carpiano
11%
Casciago
11%
Castelveccana
11%
Castronno
11%
Cittiglio
11%
Cocquio-Trevisago
11%
Cogliate
11%
Comabbio
11%
Correzzana
11%
Cunardo
11%
Cuvio
11%
Daverio
11%
Gazzada Schianno
11%
Golasecca
11%
Gudo Visconti
11%
Laveno-Mombello
11%
Lazzate
11%
Leggiuno
11%
Lonate Ceppino
11%
Lonate Pozzolo
11%
Marchirolo
11%
Marnate
11%
Marzio
11%
Mercallo
11%
Montegrino Valtravaglia
11%
Morimondo
11%
Mornago
11%
Oggiona con Santo Stefano
11%
Pessano con Bornago
11%
Porto Ceresio
11%
Porto Valtravaglia
11%
Ranco
11%
Roncello
11%
Saltrio
11%
Ternate
11%
Valganna
11%
Vedano Olona
11%
Vernate
11%
Vizzola Ticino
11%
Azzio
6%
Bedero Valcuvia
6%
Brenta
6%
Brinzio
6%
Brissago-Valtravaglia
6%
Brunello
6%
Cadrezzate con Osmate
6%
Cairate
6%
Calvignasco
6%
Caravate
6%
Casale Litta
6%
Casalzuigno
6%
Cassano Valcuvia
6%
Castello Cabiaglio
6%
Castelseprio
6%
Cazzago Brabbia
6%
Clivio
6%
Cologno Monzese
6%
Colturano
6%
Comerio
6%
Cremenaga
6%
Crosio della Valle
6%
Cuasso al Monte
6%
Cugliate-Fabiasco
6%
Cuveglio
6%
Dumenza
6%
Duno
6%
Galliate Lombardo
6%
Gemonio
6%
Germignaga
6%
Gornate Olona
6%
Grantola
6%
Inarzo
6%
Jerago con Orago
6%
Lozza
6%
Luvinate
6%
Masciago Primo
6%
Mesenzana
6%
Monvalle
6%
Morazzone
6%
Orino
6%
Rancio Valcuvia
6%
San Donato Milanese
6%
Sangiano
6%
Tronzano Lago Maggiore
6%
Venegono Superiore
6%
Arsago Seprio
0%
Barasso
0%
Bardello con Malgesso e Bregano
0%
Besano
0%
Besozzo
0%
Cardano al Campo
0%
Curiglia con Monteviasco
0%
Ferrera di Varese
0%
Gavirate
0%
Maccagno con Pino e Veddasca
0%
Magenta
0%
Varano Borghi
0%
Venegono Inferiore
0%
Vizzolo Predabissi
0%
Nessun quiz corrispondente trovato
Distribuzione punteggi
Percentuale di utenti per punteggio
Percentile per numero di risposta
I tuoi punteggi nel tempo
Non hai fatto questo quiz